Vista normal
Vista MARC
Entrada Materia (geográfica)
Número de registros utilizados en: 1
001 - CONTROL NUMBER
- control field: 186122
003 - CONTROL NUMBER IDENTIFIER
- control field: Co-BoUCM
005 - DATE AND TIME OF LATEST TRANSACTION
- control field: 20250714110728.0
008 - FIXED-LENGTH DATA ELEMENTS
- fixed length control field: 250714|| aca||aabn | a|a d
040 ## - CATALOGING SOURCE
- Original cataloging agency: Co-BoUCM
- Transcribing agency: Co-BoUCM
151 ## - HEADING--GEOGRAPHIC NAME
- Geographic name: Antioquia (Colombia)
- General subdivision: Geografía económica
- Chronological subdivision: Siglo XX
670 ## - SOURCE DATA FOUND
- Source citation: Work cat.: (Co-BoUCM): Colombia Contraloría General de la República 3390, Geografía económica de Colombia I. Antioquia ; IV Caldas., 1935-1937